[Event "Druzynowe Mistrzostwa Polski Juniorow - I liga"]
[Site "Suchedniow"]
[Date "1899-12-30"]
[Round "9.2"]
[White "Dembinski, Bartosz"]
[Black "Buraczewski, Rafal"]
[Result "0-1"]
[WhiteTitle "II"]
[BlackTitle "I++"]
[WhiteElo "1456"]
[BlackElo "2020"]

1. e4 e6 2. d3 d5 3. Nd2 Nf6 4. g3 c5 5. Ngf3 Nc6 6. Bg2 Be7 7. O-O Qc7 8. Re1
O-O 9. e5 Nd7 10. Qe2 b5 11. Nf1 Bb7 12. Bf4 Rae8 13. Ne3 Qd8 14. h4 f6 15. exf6
Nxf6 16. Bg5 h6 17. Bxf6 Bxf6 18. c3 b4 19. Ng4 bxc3 20. Nxf6+ Qxf6 21. bxc3 Qxc3
22. Rec1 Qa5 23. Rab1 Ba6 24. Qc2 c4 25. dxc4 Bxc4 26. Nd2 Ne5 27. f4 Bd3 28.
Qd1 Bxb1 29. Rxb1 Qc5+ 30. Kh1 Nd3 31. Qe2 Nb4 32. Nb3 0-1

[Event "Druzynowe Mistrzostwa Polski Juniorow - I liga"]
[Site "Suchedniow"]
[Date "1899-12-30"]
[Round "9.3"]
[White "Rudzinska, Michalina"]
[Black "Chrost, Hugo"]
[Result "1-0"]
[WhiteTitle "I++"]
[BlackTitle "II"]
[WhiteElo "1823"]
[BlackElo "1395"]

1. e4 e6 2. d4 d5 3. Nc3 Nf6 4. Bg5 Be7 5. Bxf6 Bxf6 6. Nf3 Be7 7. Bd3 c5 8. dxc5
dxe4 9. Nxe4 Nc6 10. O-O f5 11. Ng3 O-O 12. Qe2 Bxc5 13. Bc4 Qf6 14. Nh5 Qh6 15.
Ng3 Bd7 16. Rad1 Bc8 17. Rfe1 Re8 18. Nxf5 Qf6 19. Nd6 Bxd6 20. Rxd6 Qxb2 21.
Bxe6+ Bxe6 22. Rxe6 Rf8 23. Qc4 Kh8 24. Qe4 Qxa2 25. Ng5 g6 26. Qh4 Rf7 27. Nxf7+
Kg7 28. Qf6+ Kg8 29. Nh6# 1-0

[Event "Druzynowe Mistrzostwa Polski Juniorow - I liga"]
[Site "Suchedniow"]
[Date "1899-12-30"]
[Round "9.5"]
[White "Murawko, Julia"]
[Black "Kostecka, Marika"]
[Result "1-0"]
[WhiteTitle "I++"]
[BlackTitle "I++"]
[WhiteElo "1792"]
[BlackElo "1693"]

1. d4 Nf6 2. Nf3 c5 3. c3 b6 4. Nbd2 Bb7 5. e3 d6 6. Bd3 Nbd7 7. e4 cxd4 8. cxd4
e5 9. O-O Be7 10. Re1 O-O 11. Nf1 Re8 12. d5 Rc8 13. Ng3 g6 14. h3 Nc5 15. Bb5
Nfd7 16. b4 Ba6 17. a4 Bxb5 18. axb5 Nb7 19. Rxa7 Qc7 20. Be3 Ra8 21. Ra6 Qc4
22. Qa1 Rxa6 23. Qxa6 Rb8 24. Rc1 Qxb4 25. Rc7 Ndc5 26. Qa7 Re8 27. Bxc5 Nxc5
28. Rxe7 Rxe7 29. Qxe7 Nd3 30. Qd8+ Kg7 31. Qxb6 Nb2 32. Qc7 Qxb5 33. Qxd6 Nc4
34. Qc7 Qb4 35. Nxe5 Nd6 36. Nf3 Nb5 37. Qb7 Qc5 38. e5 1-0

[Event "Druzynowe Mistrzostwa Polski Juniorow - I liga"]
[Site "Suchedniow"]
[Date "1899-12-30"]
[Round "9.7"]
[White "Bilczewski, Kacper"]
[Black "Piotrowski, Przemyslaw"]
[Result "0-1"]
[WhiteTitle "I"]
[BlackTitle "k"]
[WhiteElo "2092"]
[BlackElo "2201"]

1. e4 c6 2. d3 g6 3. Nf3 Bg7 4. g3 d5 5. Nbd2 e5 6. Bg2 Ne7 7. O-O O-O 8. Qe2 Nd7
9. Kh1 b6 10. Ng1 Nc5 11. Nb3 Ne6 12. Rb1 a5 13. a4 f5 14. exf5 gxf5 15. Qh5 f4
16. gxf4 Nxf4 17. Bxf4 Rxf4 18. Nh3 Bg4 19. Qg5 Bxh3 20. Bxh3 Ng6 21. Qh5 Qf6
22. Nd2 Rf8 23. Qe2 Rh4 24. Bg2 Nf4 25. Qe3 Qh6 26. Nf3 Nxg2 27. Kxg2 Rg4+ 28.
Kh1 Qh3 29. Rg1 Rxf3 0-1

[Event "Druzynowe Mistrzostwa Polski Juniorow - I liga"]
[Site "Suchedniow"]
[Date "1899-12-30"]
[Round "9.9"]
[White "Ochowicz, Jakub"]
[Black "Baran, Mateusz"]
[Result "0-1"]
[WhiteTitle "I++"]
[BlackTitle "II"]
[WhiteElo "2069"]
[BlackElo "1411"]

1. e4 e5 2. Nf3 Nc6 3. Bb5 a6 4. Bxc6 dxc6 5. O-O Bg4 6. h3 Bh5 7. d3 Bd6 8. Be3
c5 9. Nbd2 Ne7 10. Qe2 Nc6 11. c3 f6 12. Rad1 Qe7 13. c4 g5 14. g4 Bf7 15. Kg2
O-O-O 16. a3 h5 17. Nh2 hxg4 18. Nxg4 Be6 19. f3 Nd4 20. Qf2 Rh4 21. Rh1 Rdh8
22. Rh2 Bd7 23. Nf1 f5 24. exf5 Nxf5 25. Qd2 Nxe3+ 26. Qxe3 e4 27. dxe4 Bxh2 28.
Nfxh2 Rxh3 29. Rd5 Qh7 30. Rxg5 Rxh2+ 31. Nxh2 Qxh2+ 32. Kf1 Qxb2 33. Rg1 Rd8
34. Rg5 Be6 35. Ke1 Qc2 0-1

[Event "Druzynowe Mistrzostwa Polski Juniorow - I liga"]
[Site "Suchedniow"]
[Date "1899-12-30"]
[Round "9.11"]
[White "Stebel, Agata"]
[Black "Kalinowska, Karolina"]
[Result "1/2-1/2"]
[WhiteTitle "k"]
[BlackTitle "I"]
[WhiteElo "1791"]
[BlackElo "1544"]

1. d4 d5 2. c4 e6 3. Nc3 Nf6 4. cxd5 exd5 5. Bg5 c6 6. Qc2 Bd6 7. e3 O-O 8. Bd3
Nbd7 9. Bxh7+ Kh8 10. Bd3 Qc7 11. Nf3 Re8 12. O-O Ng4 13. h3 Nh2 14. Nxh2 Bxh2+
15. Kh1 Bd6 16. Qd1 Nf8 17. e4 Bf4 18. Qh5+ Kg8 19. Bh4 Re6 20. Bg5 Bxg5 21. Qxg5
Rh6 22. Qe3 dxe4 23. Bxe4 Bd7 24. Rfd1 Re8 25. Qg3 Qc8 26. Kg1 Nh7 27. d5 Nf6
28. dxc6 Bxc6 29. Bxc6 Qxc6 30. Rd3 Rg6 31. Qf3 Qb6 32. Rad1 Nh7 33. Rd7 Ng5 34.
Qh5 Nh7 35. Nd5 Qc6 36. Qf5 Nf6 37. Nxf6+ Rxf6 38. Qd5 Qb6 39. Qd4 Qxd4 40. R1xd4
Re1+ 41. Kh2 Rxf2 42. b3 Ree2 43. Rg4 Rxa2 44. Rxb7 g6 45. h4 Rf5 46. Kh3 Ra3
47. Rc4 Raa5 48. Rcc7 Rab5 49. Rxf7 Rxb3+ 50. Rxb3 Rxf7 51. Ra3 Kg7 52. Ra6 Rb7
53. g3 Kf7 54. Kg4 Rb4+ 55. Kg5 Rb5+ 56. Kf4 Rb4+ 57. Ke5 Rb5+ 58. Ke4 Rb4+ 59.
Kd5 Rb3 60. Rxa7+ Kg8 61. g4 Rb4 62. g5 Rxh4 63. Ke6 Rb4 64. Rd7 Rb5 65. Rd5 Rb3
66. Kf6 Rb6+ 67. Ke7 Rb7+ 68. Rd7 Rb5 69. Kf6 Rb6+ 70. Ke5 Rb5+ 71. Rd5 Rb3 72.
Rd4 Rb5+ 73. Rd5 1/2-1/2

[Event "Druzynowe Mistrzostwa Polski Juniorow - I liga"]
[Site "Suchedniow"]
[Date "1899-12-30"]
[Round "9.12"]
[White "Pawicka, Magdalena"]
[Black "Bilczewska, Olga"]
[Result "0-1"]
[WhiteTitle "I"]
[BlackTitle "I"]
[WhiteElo "1600"]
[BlackElo "1520"]

1. e4 c5 2. Nf3 Nc6 3. d4 cxd4 4. Nxd4 Nf6 5. Nc3 e6 6. Nxc6 bxc6 7. e5 Nd5 8.
Ne4 Qc7 9. f4 Qb6 10. Qd3 Be7 11. c4 Bb4+ 12. Nc3 Nxc3 13. bxc3 Bc5 14. Rb1 Qa5
15. Qg3 O-O 16. Rb2 Ba3 17. Rc2 Bxc1 18. Rxc1 Qxa2 19. h4 Rb8 20. h5 h6 21. Rh4
Kh8 22. Rg4 Rg8 23. Bd3 Ba6 24. Qe3 Bxc4 25. Bc2 Qb2 26. Kd1 Bb3 27. Qxa7 Qxc3
28. Bxb3 Qxb3+ 29. Rc2 Qd3+ 30. Kc1 Ra8 31. Qf2 Ra1+ 32. Kb2 Qa3# 0-1

[Event "Druzynowe Mistrzostwa Polski Juniorow - I liga"]
[Site "Suchedniow"]
[Date "1899-12-30"]
[Round "9.13"]
[White "Niekras, Dawid"]
[Black "Winiarski, Mikolaj"]
[Result "1-0"]
[WhiteTitle "k"]
[BlackTitle "k"]
[WhiteElo "2255"]
[BlackElo "2209"]

1. e4 e6 2. d4 d5 3. Nc3 Bb4 4. e5 Ne7 5. a3 Bxc3+ 6. bxc3 c5 7. h4 Qc7 8. h5 h6
9. Bd2 Bd7 10. Nf3 Ba4 11. Bd3 Nd7 12. Rh4 c4 13. Be2 O-O-O 14. Rh1 f6 15. Bf4
Nc6 16. Qd2 fxe5 17. Nxe5 Ndxe5 18. dxe5 Qa5 19. Rh3 Qb6 20. Rg3 Qb2 21. Qc1 Qxc2
22. Qxc2 Bxc2 23. Rxg7 Rd7 24. Rxd7 Kxd7 25. Kd2 Ba4 26. g4 b5 27. Be3 a5 28.
f4 Bb3 29. g5 b4 30. axb4 axb4 31. g6 bxc3+ 32. Kxc3 Rd8 33. Bg4 d4+ 34. Bxd4
Ke8 35. Bc5 Rd3+ 36. Kb2 Rd2+ 37. Ka3 Rd5 38. g7 1-0

[Event "Druzynowe Mistrzostwa Polski Juniorow - I liga"]
[Site "Suchedniow"]
[Date "1899-12-30"]
[Round "9.14"]
[White "Chylewski, Patryk"]
[Black "Planeta, Wojciech"]
[Result "1-0"]
[WhiteTitle "k"]
[BlackTitle "I+"]
[WhiteElo "2162"]
[BlackElo "1726"]

1. d4 d6 2. e4 Nf6 3. Nc3 c6 4. h3 Qa5 5. Bd3 e5 6. Nf3 Be7 7. O-O O-O 8. Be3 Nbd7
9. a4 Qc7 10. Qd2 b6 11. Rfe1 Bb7 12. Bf1 Rfe8 13. g4 Nf8 14. Bg2 a6 15. d5 cxd5
16. exd5 Rac8 17. Nh2 N6d7 18. Rec1 Ng6 19. Be4 Nc5 20. Bf5 Rb8 21. Nf3 Bc8 22.
Bxc8 Rexc8 23. Qe2 Qb7 24. Rd1 Ra8 25. Nd2 Rcb8 26. Nc4 Rd8 27. b4 Nd7 28. Ne4
Qc7 29. Nb2 Rdc8 30. c4 Nf6 31. Ng3 a5 32. bxa5 bxa5 33. Nf5 Bf8 34. Rac1 Nd7
35. Nd3 Rab8 36. Qc2 Rb7 37. Qc3 Rcb8 38. c5 Rb3 39. Qc2 dxc5 40. Nxc5 Nxc5 41.
d6 Qb7 42. Qxc5 Nf4 43. Bxf4 exf4 44. Qd5 g6 45. Qxb7 R3xb7 46. Nd4 Rd8 47. Nb5
Rbd7 48. Rc6 Kg7 49. Ra6 Kf6 50. Kg2 Ke5 51. Rxa5 Ke6 52. Kf3 h6 53. Ra6 g5 54.
Rb6 Kf6 55. a5 Ra8 56. a6 Bg7 57. a7 1-0

[Event "Druzynowe Mistrzostwa Polski Juniorow - I liga"]
[Site "Suchedniow"]
[Date "1899-12-30"]
[Round "9.15"]
[White "Zabrzanska, Weronika"]
[Black "Sanz, Wawer Daniel"]
[Result "0-1"]
[WhiteTitle "I"]
[BlackTitle "k"]
[WhiteElo "1479"]
[BlackElo "1964"]

1. e4 c5 2. Nf3 d6 3. c3 Nf6 4. Be2 Bd7 5. d3 e6 6. O-O Be7 7. Re1 O-O 8. Bf1 Bc6
9. Na3 Nbd7 10. Nc4 b5 11. Ncd2 b4 12. cxb4 cxb4 13. Nc4 Bb7 14. Bf4 Nc5 15. Rc1
d5 16. exd5 Nxd5 17. Bg3 Nf6 18. h3 Rc8 19. b3 Nd5 20. Qd2 Nc3 21. Nfe5 Bg5 22.
f4 Bf6 23. Kh2 Qe7 24. f5 Rfd8 25. fxe6 Nxe6 26. Bf4 Nxf4 27. Qxf4 Bg5 28. Qf2
Bxc1 29. Rxc1 f6 30. Nf3 Qc7+ 31. Kh1 Qf4 32. Re1 Re8 33. Rxe8+ Rxe8 34. a4 bxa3
35. Nxa3 Nd1 36. Qh4 Qxh4 37. Nxh4 Re1 38. Kg1 Ne3 39. Kf2 Rxf1+ 40. Kxe3 g5 41.
Nf3 Bxf3 42. Kd4 0-1

[Event "Druzynowe Mistrzostwa Polski Juniorow - I liga"]
[Site "Suchedniow"]
[Date "1899-12-30"]
[Round "9.16"]
[White "Kokoszczynski, Jan"]
[Black "Wikar, Martyna"]
[Result "1/2-1/2"]
[WhiteTitle "k"]
[BlackTitle "I++"]
[WhiteElo "1927"]
[BlackElo "1759"]

1. e4 c5 2. Nf3 Nc6 3. d4 cxd4 4. Nxd4 e5 5. Nb5 a6 6. Nd6+ Bxd6 7. Qxd6 Qf6 8.
Qxf6 Nxf6 9. Nc3 Nb4 10. Kd2 O-O 11. a3 Nc6 12. Bd3 Rd8 13. Nd5 Nxd5 14. exd5
Ne7 15. c4 d6 16. b3 f5 17. f3 f4 18. Bb2 b6 19. Rae1 Nf5 20. Rhg1 g6 21. Bc3
Kf7 22. Re2 Bd7 23. Rc1 a5 24. Rce1 h5 25. g3 fxg3 26. Bxf5 gxf5 27. hxg3 Rg8
28. f4 e4 29. Rh1 Rxg3 30. Rxh5 Rag8 31. Rh7+ Ke8 32. Bf6 R3g6 33. Re7+ Kd8 34.
Rg7+ Kc8 35. Rxg8+ Rxg8 36. Bd4 1/2-1/2

[Event "Druzynowe Mistrzostwa Polski Juniorow - I liga"]
[Site "Suchedniow"]
[Date "1899-12-30"]
[Round "9.17"]
[White "Leczek, Weronika"]
[Black "Olechnicka, Karolina"]
[Result "1/2-1/2"]
[WhiteTitle "I++"]
[BlackTitle "k++"]
[WhiteElo "1668"]
[BlackElo "1883"]

1. e4 c5 2. Ne2 e5 3. Nbc3 d6 4. Nd5 Nf6 5. Nec3 Nc6 6. d3 h6 7. g3 Nd4 8. Bg2
g6 9. O-O Bg7 10. Nxf6+ Bxf6 11. Nd5 Bg7 12. c3 Nc6 13. f4 exf4 14. Bxf4 O-O 15.
Qd2 Kh7 16. Rf2 Ne5 17. h3 f5 18. exf5 Bxf5 19. g4 Be6 20. Raf1 Rc8 21. Bxe5 Rxf2
22. Qxf2 Bxe5 23. d4 cxd4 24. cxd4 Bg7 25. Nf6+ Kh8 26. Bxb7 Rc7 27. d5 Bxg4 28.
Nxg4 Rxb7 29. b3 Qg5 30. Qg2 Re7 31. Kh1 Kh7 32. Qf3 h5 33. Nf2 Re3 34. Qf7 Qg3
35. Rg1 Rf3 36. Rxg3 Rxf7 37. Ne4 Be5 38. Ng5+ Kg7 39. Ne6+ Kf6 40. Rg2 Rb7 41.
Rf2+ Ke7 42. Nf8 g5 43. Ng6+ Kd7 44. Rf7+ Kc8 45. Nxe5 dxe5 46. Rf5 Rg7 47. Rxe5
Kd7 48. h4 gxh4 1/2-1/2

[Event "Druzynowe Mistrzostwa Polski Juniorow - I liga"]
[Site "Suchedniow"]
[Date "1899-12-30"]
[Round "9.18"]
[White "Moscicka, Pola"]
[Black "Slusarczyk, Milena"]
[Result "1-0"]
[WhiteTitle "k"]
[BlackTitle "I"]
[WhiteElo "1769"]
[BlackElo "1444"]

1. d4 d5 2. c4 c6 3. Nf3 e6 4. Nc3 dxc4 5. a4 Bb4 6. e3 b5 7. Bd2 a5 8. axb5 Bxc3
9. Bxc3 cxb5 10. b3 Bb7 11. bxc4 b4 12. Bd2 Nf6 13. Be2 O-O 14. O-O Nbd7 15. Qb3
Ne4 16. Rfd1 Nxd2 17. Nxd2 Qc7 18. Bf3 Bxf3 19. Nxf3 Nb6 20. Rdc1 Rfc8 21. Nd2
Qe7 22. c5 Nd5 23. Nc4 a4 24. Rxa4 Rxa4 25. Qxa4 Nc3 26. Qa6 Qd8 27. Nb6 Rc6 28.
Ra1 g6 29. Qc4 Qc7 30. Qxb4 Nd5 31. Nxd5 exd5 32. Ra8+ Kg7 33. Qb8 Qe7 34. h3
Rc7 35. Qh8+ Kh6 36. Re8 Qd7 37. Qf8+ 1-0

[Event "Druzynowe Mistrzostwa Polski Juniorow - I liga"]
[Site "Suchedniow"]
[Date "1899-12-30"]
[Round "9.19"]
[White "Januszkiewicz, Wojciech"]
[Black "Krzeminski, Sebastian"]
[Result "1-0"]
[WhiteTitle "I++"]
[BlackTitle "I"]
[WhiteElo "1965"]
[BlackElo "1818"]

1. e4 c5 2. Nf3 a6 3. c4 e6 4. d4 cxd4 5. Nxd4 Nc6 6. Be3 Bb4+ 7. Nc3 Nf6 8. Bd3
Ne5 9. O-O Nfg4 10. Bf4 Qf6 11. Bg3 h5 12. h3 h4 13. Bxe5 Nxe5 14. Be2 Nc6 15.
Nxc6 dxc6 16. Rc1 O-O 17. a3 Bc5 18. Bg4 Rd8 19. Qe2 e5 20. b4 Bxg4 21. Qxg4 Bd4
22. c5 Bxc3 23. Rxc3 Qf4 24. Qxf4 exf4 25. Rf3 g5 26. g3 fxg3 27. fxg3 Rd7 28.
Rf5 hxg3 29. Rxg5+ Kf8 30. Rxg3 Re8 31. Re3 Rd4 32. e5 Re6 33. Ref3 Rd7 34. Rf5
Kg7 35. h4 Rg6+ 36. Kf2 Re7 37. Kf3 Ree6 38. Ke4 1-0

[Event "Druzynowe Mistrzostwa Polski Juniorow - I liga"]
[Site "Suchedniow"]
[Date "1899-12-30"]
[Round "9.20"]
[White "Urbanski, Wojciech"]
[Black "Grzesik, Gracjan"]
[Result "0-1"]
[WhiteTitle "II"]
[BlackTitle "I"]
[WhiteElo "1723"]
[BlackElo "1840"]

1. d4 d5 2. Bf4 Bf5 3. Nf3 Nf6 4. e3 e6 5. Nh4 Bg6 6. Nd2 Bd6 7. Bg3 Qe7 8. Nhf3
Nbd7 9. c3 O-O 10. Nb3 c5 11. dxc5 Bxc5 12. Ne5 Bd6 13. Nxd7 Qxd7 14. Bd3 e5 15.
Bh4 Be7 16. Qd2 Rfd8 17. Bxg6 fxg6 18. Bxf6 gxf6 19. O-O Qe6 20. Rfe1 a5 21. Rad1
Qc6 22. Nc1 Bc5 23. Ne2 b5 24. b4 Bb6 25. Rc1 Qc4 26. Rc2 Kf7 27. Rd1 Ke6 28.
Qd3 Qxd3 29. Rxd3 Rdc8 30. Rdd2 Rc4 31. Rb2 axb4 32. Rxb4 Rxb4 33. cxb4 Ra4 34.
Nc3 Rxb4 35. Rxd5 Rb1+ 36. Nxb1 Kxd5 37. Kf1 Kc4 38. Ke2 Ba5 39. f3 f5 40. g3
g5 41. h3 Bb4 42. g4 f4 43. Nd2+ Bxd2 44. Kxd2 b4 45. exf4 exf4 46. Kc2 Kd4 47.
Kb3 Ke3 48. Kxb4 Kxf3 49. a4 Kg3 50. a5 f3 51. a6 f2 52. a7 f1=Q 53. a8=Q Kxh3
54. Qg8 Qb1+ 55. Kc3 Kxg4 56. Qc4+ Kf3 57. Qd5+ Qe4 58. Qf7+ Kg2 59. Qg7 g4 60.
Qg5 g3 61. Qd2+ Kh3 62. Qh6+ Qh4 63. Qe3 Kh2 64. Qe5 h5 65. Kd3 Qg4 66. Kd2 h4
67. Ke1 Qf3 68. Kd2 h3 69. Qe1 Qf2+ 70. Qxf2+ gxf2 0-1

[Event "Druzynowe Mistrzostwa Polski Juniorow - I liga"]
[Site "Suchedniow"]
[Date "1899-12-30"]
[Round "9.21"]
[White "Luczak, Filip"]
[Black "Warchol, Bartosz"]
[Result "1/2-1/2"]
[WhiteTitle "I"]
[BlackTitle "I"]
[WhiteElo "1730"]
[BlackElo "1702"]

1. e4 d5 2. exd5 Qxd5 3. Nc3 Qa5 4. Bc4 Nf6 5. d3 c6 6. h3 Bf5 7. Nf3 e6 8. Bd2
Qc7 9. Qe2 Bc5 10. g4 Bg6 11. Ne4 Nxe4 12. dxe4 Nd7 13. Bc3 Nf6 14. Bxf6 gxf6
15. Nh4 O-O-O 16. Bd3 Qe5 17. O-O-O Qg5+ 18. f4 Qxh4 19. f5 h5 20. fxg6 fxg6 21.
e5 f5 22. gxf5 gxf5 23. Bc4 Qg5+ 24. Kb1 Qg6 25. Qf3 Rhe8 26. Qb3 Rxd1+ 27. Rxd1
f4 28. Qf3 Qf5 29. Ba6 Kc7 30. Bxb7 Kxb7 31. Rd7+ Kb6 32. Qb3+ Ka5 33. Qc4 Kb6
34. Qb3+ Ka5 35. Qc4 Kb6 36. Qb3+ Ka5 37. Qc4 Kb6 38. b4 Be3 39. a4 a5 40. bxa5+
Kxa5 41. Rb7 1/2-1/2

[Event "Druzynowe Mistrzostwa Polski Juniorow - I liga"]
[Site "Suchedniow"]
[Date "1899-12-30"]
[Round "9.22"]
[White "Kulesza, Andrzej"]
[Black "Wolaniecki, Patryk"]
[Result "1-0"]
[WhiteTitle "I"]
[BlackTitle "I"]
[WhiteElo "1675"]
[BlackElo "1659"]

1. e4 c5 2. Nf3 Nc6 3. d4 cxd4 4. Nxd4 Nf6 5. Nc3 e6 6. Ndb5 Bb4 7. a3 Bxc3+ 8.
Nxc3 d5 9. exd5 exd5 10. Bd3 O-O 11. O-O Bg4 12. f3 Bh5 13. Kh1 Bg6 14. Bg5 d4
15. Ne4 h6 16. Nxf6+ gxf6 17. Bxh6 Re8 18. f4 f5 19. Bg5 f6 20. Bc4+ Kg7 21. Bh4
Rh8 22. Bf2 Qc7 23. Qd2 Ne5 24. fxe5 Qxc4 25. exf6+ Kf7 26. Qxd4 Qc6 27. Rae1
Rae8 28. Re7+ Rxe7 29. fxe7 Re8 30. Bh4 Qa6 31. Re1 Qc6 32. Qe5 Rg8 33. Rd1 Bh7
34. Qd5+ Ke8 35. Qxc6+ bxc6 36. Rd6 Kf7 37. Rxc6 f4 38. Rf6+ Ke8 39. Rxf4 Bxc2
40. Rc4 Bd3 41. Rc8+ Kf7 42. Rxg8 1-0

[Event "Druzynowe Mistrzostwa Polski Juniorow - I liga"]
[Site "Suchedniow"]
[Date "1899-12-30"]
[Round "9.23"]
[White "Trembowiecka-wysota, Aleksandra"]
[Black "Waszczuk, Patrycja"]
[Result "1/2-1/2"]
[WhiteTitle "I"]
[BlackTitle "k"]
[WhiteElo "1493"]
[BlackElo "1867"]

1. d4 d5 2. Nc3 Nf6 3. Bg5 c6 4. f3 e6 5. e4 Be7 6. Bxf6 Bxf6 7. e5 Be7 8. Bd3
Qb6 9. Nge2 c5 10. Na4 Qa5+ 11. c3 c4 12. Bc2 b5 13. Nc5 Bxc5 14. dxc5 Qc7 15.
O-O Qxc5+ 16. Kh1 O-O 17. Nd4 Nc6 18. f4 Nxd4 19. cxd4 Qe7 20. Rf3 f5 21. Rh3
Bd7 22. Qh5 g6 23. Qf3 a5 24. Rg1 Bc6 25. g4 b4 26. gxf5 exf5 27. Qh5 Qg7 28.
Qg5 a4 29. Rhg3 Bd7 30. h4 Ra6 31. h5 Rb6 32. hxg6 hxg6 33. Qxg6 Rxg6 34. Rxg6
Qxg6 35. Rxg6+ Kf7 36. Rf6+ Ke7 37. Rxf8 Kxf8 38. e6 Bxe6 39. Bxa4 Ke7 40. Kg2
Kd6 41. Kf3 Kc7 42. Ke3 Kb6 43. Bc2 Bd7 44. b3 Be6 45. Kf3 c3 46. Ke3 Bd7 47.
Kf3 Kc7 48. Kg3 Kd6 49. Kf3 Ke7 50. Kg3 Kf6 51. Kf3 Bb5 52. Kf2 Kg6 53. Ke1 Be8
54. Kf2 Kh5 55. Kg3 Bd7 56. Bd1+ Kg6 57. Bc2 Bb5 58. Kf2 Kf6 1/2-1/2

[Event "Druzynowe Mistrzostwa Polski Juniorow - I liga"]
[Site "Suchedniow"]
[Date "1899-12-30"]
[Round "9.24"]
[White "Mysliwiec, Natalia"]
[Black "Bienko, Jagoda"]
[Result "0-1"]
[WhiteTitle "I"]
[BlackTitle "I"]
[WhiteElo "1311"]
[BlackElo "1384"]

1. e4 c5 2. Nf3 d6 3. d4 cxd4 4. Nxd4 Nf6 5. Nc3 a6 6. Bg5 e6 7. f4 Be7 8. Qf3
Qc7 9. O-O-O Nc6 10. Nxc6 Qxc6 11. Qg3 Nxe4 12. Nxe4 Qxe4 13. Bxe7 Kxe7 14. Qxg7
Qxf4+ 15. Kb1 Bd7 16. g3 Qe5 17. Qh6 Bc6 18. Rg1 Bf3 19. Rc1 Qh5 20. Qe3 Qd5 21.
Bh3 h5 22. Rce1 Rac8 23. Qf4 Rc4 24. Qc1 Rhc8 25. c3 Be4+ 26. Ka1 Ra4 27. a3 Bg6
28. Qh6 Rxc3 29. Rxe6+ fxe6 30. Qg7+ Bf7 31. Qxc3 Qc5 32. Qe1 Rxa3+ 33. bxa3 Qxa3+
34. Kb1 Bg6+ 35. Bf5 Bxf5+ 36. Qe4 Bxe4# 0-1

[Event "Druzynowe Mistrzostwa Polski Juniorow - I liga"]
[Site "Suchedniow"]
[Date "1899-12-30"]
[Round "9.25"]
[White "Szpar, Milosz"]
[Black "Kindler, Przemyslaw"]
[Result "1-0"]
[WhiteTitle "I++"]
[BlackTitle "k"]
[WhiteElo "2101"]
[BlackElo "2099"]

1. e4 d6 2. d4 Nf6 3. Nc3 g6 4. Be3 c6 5. Qd2 b5 6. f3 Nbd7 7. O-O-O Qa5 8. Kb1
Nb6 9. Bd3 Nc4 10. Bxc4 bxc4 11. Nge2 Rb8 12. g4 h5 13. gxh5 Rxh5 14. Ka1 Qb4
15. Rb1 Ra5 16. Rhd1 Rb6 17. a3 Rba6 18. Nc1 e6 19. N1a2 Qb7 20. Bg5 Nh7 21. Bh6
Be7 22. d5 cxd5 23. exd5 Nf6 24. dxe6 Bxe6 25. Bg5 d5 26. Qd4 Ng8 27. Bxe7 Nxe7
28. Ne4 Qc8 29. Nb4 Rb6 30. Qxb6 axb6 31. Nd6+ Kd7 32. Nxc8 Kxc8 33. Re1 Kd7 34.
Rbd1 Nc6 35. Nxc6 Kxc6 36. Kb1 Ra8 37. Rd4 Kc5 38. c3 Rh8 39. h4 Rh5 40. Kc1 b5
41. Kd2 Rf5 42. Ke2 Kb6 43. Kf2 Ka5 44. Kg3 Ka4 45. Rd2 Kb3 46. Rde2 Ka2 47. f4
Rh5 48. Rd2 Rh8 49. Ree2 Kb3 50. Rh2 Rh5 51. Kf2 Rf5 52. Ke3 Ka4 53. Rdg2 Kb3
54. Rg5 Rf6 55. Rd2 Bf5 56. Rxd5 Re6+ 57. Re5 Kxb2 58. Rgxf5 gxf5 59. Rxe6 fxe6
60. Kd2 Kxa3 61. h5 Kb2 62. h6 b4 63. h7 bxc3+ 64. Ke2 c2 65. h8=Q+ c3 66. Qb8+
Ka3 67. Qa7+ Kb2 68. Qb6+ Ka2 69. Qa5+ Kb1 70. Qb4+ 1-0

[Event "Druzynowe Mistrzostwa Polski Juniorow - I liga"]
[Site "Suchedniow"]
[Date "1899-12-30"]
[Round "9.26"]
[White "Paziak, Patryk"]
[Black "Kozak, Antoni"]
[Result "0-1"]
[WhiteTitle "I"]
[BlackTitle "I+"]
[WhiteElo "1745"]
[BlackElo "2047"]

1. d4 Nf6 2. Nf3 e6 3. Bg5 h6 4. Bh4 Be7 5. Nbd2 c5 6. e3 O-O 7. Bd3 cxd4 8. exd4
d6 9. O-O Bd7 10. c3 Bc6 11. Qe2 Nbd7 12. h3 Re8 13. Rfe1 Rc8 14. Bg3 Nb6 15.
Rac1 Na4 16. b3 Bxf3 17. Qxf3 Nxc3 18. Qxb7 Rc7 19. Qa6 Nfd5 20. Qa3 Bg5 21. Qb2
Qd7 22. Bc4 Rcc8 23. a4 Qb7 24. Bxd5 Nxd5 25. Rxc8 Rxc8 26. Ne4 Qb4 27. Qe2 Bf4
28. Bxf4 Nxf4 29. Qe3 Nd5 30. Qd2 Qxb3 31. Nxd6 Rc6 32. Ne4 Qxa4 33. Nc5 Qb4 34.
Qxb4 Nxb4 35. Ra1 Rc7 36. Ra4 Nd5 37. Ra5 Kf8 38. g3 Nb4 39. Ra4 Nc6 40. Nb3 Rb7
41. Nc5 Rb1+ 42. Kg2 a5 43. Rc4 Ke7 44. Nxe6 fxe6 45. Rxc6 Rb4 46. d5 exd5 47.
Rc5 Kd6 48. Rxa5 Rb7 49. Kf3 Re7 50. Kf4 d4 51. Kf5 Kc6 52. Kg6 d3 53. Ra3 Rd7
54. Rc3+ Kb5 55. Rc1 d2 56. Rd1 Kc4 57. f4 Kd3 58. g4 Ke2 59. Ra1 d1=Q 60. Rxd1
Kxd1 61. h4 Ke2 62. f5 Kf3 63. g5 Kf4 64. f6 gxf6 65. gxf6 h5 66. Kxh5 Kf5 67.
Kh6 Kxf6 68. h5 Rd5 0-1

[Event "Druzynowe Mistrzostwa Polski Juniorow - I liga"]
[Site "Suchedniow"]
[Date "1899-12-30"]
[Round "9.27"]
[White "Mis, Mieszko"]
[Black "Godzwon, Iwo"]
[Result "1/2-1/2"]
[WhiteTitle "I++"]
[BlackTitle "I+"]
[WhiteElo "2041"]
[BlackElo "2059"]

1. c4 g6 2. Nc3 c5 3. g3 Bg7 4. Bg2 Nc6 5. e3 d6 6. Nge2 e6 7. h4 Nf6 8. O-O O-O
9. d4 Rb8 10. b3 Ne7 11. dxc5 dxc5 12. Qxd8 Rxd8 13. Ba3 b6 14. Rad1 Ba6 15. f3
Nf5 16. Kf2 Bh6 17. Bc1 Bg7 18. e4 Nd4 19. Be3 Nxe2 20. Nxe2 Bb7 21. e5 Ne8 22.
f4 Bxg2 23. Kxg2 f6 24. exf6 Nxf6 25. Kf3 h5 26. Nc3 Ng4 27. Ne4 Nh2+ 28. Ke2
Nxf1 29. Rxf1 Rd7 30. g4 hxg4 31. Rg1 Kf7 32. Rxg4 Bf6 33. Nxf6 Kxf6 34. Bd2 Rh7
35. Bc3+ Kf7 36. Be5 Rd8 37. Ke3 Rd1 38. Bb8 Rh8 39. Be5 Rg8 40. Rg2 Rd7 41. Ke4
Rd1 42. Ke3 Rh1 43. Rd2 Re8 44. Rd7+ Re7 45. Rd8 Rxh4 46. Bd6 Rb7 47. Kf3 Rh5
48. Ke4 Rh2 49. Kf3 Rh1 50. Ke3 g5 51. fxg5 Kg6 52. Rg8+ Rg7 53. Rxg7+ Kxg7 54.
Bb8 a6 55. Ba7 Rh5 56. Bxb6 Rxg5 57. a3 Kf7 58. b4 cxb4 59. axb4 Rg4 60. Bd4 Ke7
61. b5 axb5 62. cxb5 Kd6 63. b6 Kd5 64. Bf6 Rb4 65. Bd8 e5 66. Kd3 Rb3+ 67. Kc2
Kc4 68. Bf6 e4 69. Bd4 Rg3 70. Be5 Rb3 71. Bd4 Rb5 72. Be3 Rb4 73. Bf2 Rb3 1/2-1/2

[Event "Druzynowe Mistrzostwa Polski Juniorow - I liga"]
[Site "Suchedniow"]
[Date "1899-12-30"]
[Round "9.28"]
[White "Kujawa, Krzysztof"]
[Black "Kucharski, Bartlomiej"]
[Result "0-1"]
[WhiteTitle "II"]
[BlackTitle "II+"]
[WhiteElo "1398"]
[BlackElo "1742"]

1. e4 d5 2. exd5 Qxd5 3. Nc3 Qa5 4. Bc4 Nf6 5. d3 Bf5 6. Bd2 c6 7. Nf3 Nbd7 8.
O-O e6 9. Re1 Qc7 10. Rb1 Bd6 11. h3 O-O 12. a4 a5 13. Nd4 Nb6 14. Bb3 Bg6 15.
Bg5 Nfd5 16. Bxd5 exd5 17. Qg4 Rfe8 18. h4 h5 19. Qf3 Nd7 20. Qd1 Ne5 21. Qd2
f6 22. Be3 Ng4 23. Nf3 Rad8 24. d4 Kf7 25. Re2 Nxe3 26. fxe3 Bg3 27. Rf1 Kg8 28.
Qd1 Qd7 29. Qd2 Qg4 30. Nd1 Be4 31. Qxa5 Bxf3 32. Rxf3 Qxh4 33. Nf2 Rd7 34. Qc3
Qh2+ 35. Kf1 Rde7 36. Qd3 Re4 37. Rxg3 Qxg3 38. Nxe4 Rxe4 39. c4 Rh4 40. Rf2 Rh1+
41. Ke2 Qg4+ 42. Kd2 Rd1+ 43. Kc2 Rxd3 44. Kxd3 Qd1+ 45. Rd2 dxc4+ 46. Kc3 Qb3#
0-1

[Event "Druzynowe Mistrzostwa Polski Juniorow - I liga"]
[Site "Suchedniow"]
[Date "1899-12-30"]
[Round "9.29"]
[White "Swiech, Joanna"]
[Black "Kindler, Karolina"]
[Result "1/2-1/2"]
[WhiteTitle "k"]
[BlackTitle "I+"]
[WhiteElo "1888"]
[BlackElo "1714"]

1. d4 e6 2. c4 c5 3. d5 exd5 4. cxd5 d6 5. Nc3 Nf6 6. e4 g6 7. Bd3 Na6 8. a3 Nc7
9. Bf4 Nh5 10. Be3 Bg7 11. h3 a6 12. Nf3 O-O 13. O-O Re8 14. Re1 b5 15. Qd2 Rb8
16. Bg5 Bf6 17. b4 Bxg5 18. Qxg5 Qxg5 19. Nxg5 c4 20. Bc2 Bd7 21. Nf3 f6 22. Nd4
Nf4 23. Rad1 g5 24. Re3 h5 25. Nce2 Nxe2+ 26. Nxe2 h4 27. Nd4 Kf7 28. Kf1 Rg8
29. f3 Rge8 30. Kf2 Kg7 1/2-1/2